[Event "Guelph Spring Pro-Am"]
[Site "Guelph CAN"]
[Date "2019.04.13"]
[Round "1.5"]
[White "Colvin, Andrew"]
[Black "Kiviaho, Robert"]
[Result "1/2-1/2"]
[WhiteElo "2030"]
[BlackElo "2175"]
[PlyCount "157"]
[EventDate "2019.04.13"]
[EventType "swiss"]
[EventRounds "5"]
[EventCountry "CAN"]

1. d4 Nf6 2. Nf3 d5 3. c4 e6 4. Nc3 Be7 5. Bf4 O-O 6. e3 c5 7. dxc5 Bxc5 8.
cxd5 Nxd5 9. Nxd5 exd5 10. Bd3 Nc6 11. Bxh7+ Kxh7 12. Qc2+ Kg8 13. Qxc5 Be6 14.
O-O Rc8 15. Nd4 Nxd4 16. Qxd4 Qa5 17. b3 Rc2 18. a3 Rfc8 19. Qb4 Qxb4 20. axb4
a6 21. Be5 f6 22. Bd4 Kf7 23. h3 Ke7 24. Ra5 Kd7 25. b5 axb5 26. Rxb5 Kc7 27.
b4 Ra8 28. Rc5+ Rxc5 29. bxc5 Bf5 30. Ra1 Rxa1+ 31. Bxa1 b6 32. cxb6+ Kxb6 33.
g4 Bd3 34. g5 fxg5 35. Bxg7 Bf5 36. Kh2 g4 37. h4 Kc6 38. Kg3 Kd6 39. Kf4 Ke6
40. Kg5 Be4 41. Kxg4 Kf7 42. Be5 Kg6 43. h5+ Kh6 44. Bf4+ Kg7 45. Bg5 Bd3 46.
Be7 Kh6 47. Bf8+ Kh7 48. Kg5 Kg8 49. Bd6 Kf7 50. f4 Ke6 51. Be5 Be4 52. Ba1 Bd3
53. Kh6 Kf7 54. Kg5 Ke6 55. Kg4 Be4 56. Kg3 Bd3 57. Kf2 Be4 58. Bc3 Bd3 59. Ba5
Be4 60. Bd8 Bd3 61. Bg5 Be4 62. Ke1 Bf3 63. h6 Be4 64. Kd2 Bf5 65. Kc3 Kd6 66.
Kd4 Be4 67. Bf6 Bf5 68. Bg7 Be4 69. Bf8+ Ke6 70. Kc5 Bf5 71. Kc6 Kf7 72. Kxd5
Kxf8 73. Ke5 Bd3 74. Kf6 Kg8 75. f5 Kh7 76. Ke6 Kxh6 77. f6 Bc4+ 78. Ke7 Kg5
79. e4 1/2-1/2

[Event "Guelph Spring Pro-Am"]
[Site "Guelph CAN"]
[Date "2019.04.13"]
[Round "2.1"]
[White "Migot, Tangi"]
[Black "Nicholson, Matthew"]
[Result "1-0"]
[WhiteElo "2448"]
[BlackElo "2282"]
[PlyCount "87"]
[EventDate "2019.04.13"]
[EventType "swiss"]
[EventRounds "5"]
[EventCountry "CAN"]

1. Nf3 d5 2. g3 c6 3. Bg2 Bg4 4. d3 Nf6 5. Nbd2 e6 6. O-O Nbd7 7. h3 Bh5 8. b3
Be7 9. Bb2 O-O 10. e4 a5 11. a3 b5 12. Qe2 Qb6 13. Kh1 Bxf3 14. Nxf3 a4 15. e5
Ne8 16. b4 c5 17. c3 Nc7 18. Bc1 cxb4 19. cxb4 Rac8 20. h4 Na6 21. h5 Rc3 22.
Bb2 Rc7 23. Nd4 Nab8 24. f4 Nc6 25. Nf3 Rfc8 26. Rac1 Nd8 27. Rxc7 Qxc7 28. Rc1
Qb7 29. Rxc8 Qxc8 30. Bf1 Nc6 31. Kg2 Qb7 32. Qc2 Bd8 33. g4 Bb6 34. d4 Na7 35.
Bd3 h6 36. f5 Bd8 37. fxe6 fxe6 38. Bc1 Nb6 39. Bh7+ Kh8 40. g5 hxg5 41. Bxg5
Nc4 42. Qg6 Nc6 43. Bxd8 Nxd8 44. Qe8+ 1-0

[Event "Guelph Spring Pro-Am"]
[Site "Guelph CAN"]
[Date "2019.04.13"]
[Round "2.2"]
[White "Bailey, Doug"]
[Black "Burrows, Zachary"]
[Result "1-0"]
[WhiteElo "2251"]
[BlackElo "2194"]
[PlyCount "63"]
[EventDate "2019.04.13"]
[EventType "swiss"]
[EventRounds "5"]
[EventCountry "CAN"]

1. e4 d5 2. exd5 Qxd5 3. Nc3 Qe5+ 4. Be2 Bg4 5. d4 Bxe2 6. Ngxe2 Qh5 7. Bf4 c6
8. Qd3 e6 9. O-O-O Nf6 10. Kb1 Nbd7 11. h3 Bb4 12. g4 Qa5 13. g5 Nd5 14. Ne4
Nxf4 15. Nxf4 Qf5 16. Nh5 O-O-O 17. Nhg3 Qa5 18. Qf3 Rhf8 19. h4 f5 20. gxf6
Nxf6 21. Qb3 Rfe8 22. Ng5 e5 23. c3 Bd6 24. Nf7 Rd7 25. Nf5 Bc7 26. dxe5 Bxe5
27. Rxd7 Kxd7 28. Rd1+ Kc7 29. N7d6 Bxd6 30. Nxd6 Rb8 31. Qf7+ Nd7 32. Nc4 1-0

[Event "Guelph Spring Pro-Am"]
[Site "Guelph CAN"]
[Date "2019.04.13"]
[Round "2.3"]
[White "Kiviaho, Robert"]
[Black "Brajkovic, Nikola"]
[Result "1-0"]
[WhiteElo "2175"]
[BlackElo "2005"]
[PlyCount "83"]
[EventDate "2019.04.13"]
[EventType "swiss"]
[EventRounds "5"]
[EventCountry "CAN"]

1. d4 f5 2. g3 Nf6 3. Bg2 d5 4. Nh3 Be6 5. O-O h6 6. Nd2 Nc6 7. c3 g5 8. f3 Qd7
9. b4 Bg7 10. Nf2 b6 11. Nd3 O-O 12. a4 Nh7 13. e3 Rad8 14. a5 Bf7 15. Ba3 Rfe8
16. f4 Qe6 17. Ne5 g4 18. Qa4 Nb8 19. b5 Nf6 20. Bb4 Nfd7 21. axb6 axb6 22.
Rfc1 Nxe5 23. dxe5 c5 24. bxc6 Qxc6 25. Qa3 Qc7 26. Bf1 Be6 27. Nb3 Nc6 28. Bb5
Bd7 29. Bxc6 Bxc6 30. Nd4 e6 31. Bd6 Qb7 32. Qb4 Kf7 33. Rcb1 Rb8 34. Bxb8 Rxb8
35. Ra7 Qxa7 36. Nxc6 Qc7 37. Nxb8 Qxb8 38. Qxb6 Qg8 39. Qc7+ Kg6 40. Rb7 Bf8
41. Qd8 Qh8 42. Qe8# 1-0

[Event "Guelph Spring Pro-Am"]
[Site "Guelph CAN"]
[Date "2019.04.13"]
[Round "2.4"]
[White "Gooding, Gordon"]
[Black "Colvin, Andrew"]
[Result "1/2-1/2"]
[WhiteElo "2055"]
[BlackElo "2030"]
[PlyCount "60"]
[EventDate "2019.04.13"]
[EventType "swiss"]
[EventRounds "5"]
[EventCountry "CAN"]

1. e4 c6 2. d3 d5 3. Nd2 g6 4. Ngf3 Bg7 5. g3 e5 6. Bg2 Ne7 7. O-O O-O 8. Qe2
Qc7 9. b3 d4 10. h3 c5 11. Nh2 Nd7 12. a4 Nc6 13. Ba3 a5 14. Rae1 Nb4 15. Nc4
Nb6 16. Nxb6 Qxb6 17. Bc1 Na2 18. Ba3 Nb4 19. Kh1 f6 20. f4 Bd7 21. Bc1 Na2 22.
Bd2 Nb4 23. Qd1 Qd6 24. h4 h6 25. Rf2 Rac8 26. Ref1 b6 27. Bc1 Na2 28. Bd2 Nb4
29. Qc1 Na2 30. Qd1 Nb4 1/2-1/2

[Event "Guelph Spring Pro-Am"]
[Site "Guelph CAN"]
[Date "2019.04.13"]
[Round "2.5"]
[White "Loadman, Ian"]
[Black "Xu, Eddie"]
[Result "1-0"]
[WhiteElo "2095"]
[BlackElo "2056"]
[PlyCount "75"]
[EventDate "2019.04.13"]
[EventType "swiss"]
[EventRounds "5"]
[EventCountry "CAN"]

1. e4 e5 2. Nf3 Nc6 3. Nc3 Nf6 4. Bb5 Bb4 5. O-O O-O 6. d3 Bxc3 7. bxc3 d6 8.
Bg5 h6 9. Bh4 Qe7 10. Re1 Nd8 11. d4 Ne6 12. Bf1 Nf4 13. Nd2 g5 14. Bg3 N6h5
15. Nc4 Rd8 16. f3 c6 17. Bf2 Ng7 18. a4 h5 19. Qc1 g4 20. g3 Ng6 21. fxg4 Bxg4
22. Bg2 h4 23. Qh6 h3 24. Bxh3 Bxh3 25. Qxh3 Ne6 26. Ne3 Ng5 27. Qg4 d5 28. Nf5
Qf6 29. h4 Nxe4 30. Rxe4 dxe4 31. dxe5 Qxe5 32. Bd4 Qe6 33. h5 Rd5 34. Rf1 Re8
35. Nh6+ Kh7 36. Rxf7+ Kxh6 37. Be3+ Rg5 38. Qxg5# 1-0

[Event "Guelph Spring Pro-Am"]
[Site "Guelph CAN"]
[Date "2019.04.13"]
[Round "3.1"]
[White "Bailey, Doug"]
[Black "Migot, Tangi"]
[Result "0-1"]
[WhiteElo "2251"]
[BlackElo "2448"]
[PlyCount "98"]
[EventDate "2019.04.13"]
[EventType "swiss"]
[EventRounds "5"]
[EventCountry "CAN"]

1. e4 c5 2. Nf3 Nc6 3. d4 cxd4 4. Nxd4 Nf6 5. Nc3 d6 6. Bg5 e6 7. Qd2 a6 8. a4
h6 9. Bxf6 Qxf6 10. Nb3 Bd7 11. Be2 Qg5 12. O-O Qxd2 13. Nxd2 Nb4 14. Bd3 g5
15. Nc4 Rd8 16. Rfd1 Bc6 17. Na5 Bg7 18. Ra3 Nxd3 19. cxd3 Ke7 20. d4 d5 21. e5
Rb8 22. b4 Bd7 23. Nb3 b6 24. a5 Rhc8 25. Rd3 Rc4 26. Na2 bxa5 27. Nxa5 Rbxb4
28. g4 Rb1+ 29. Kg2 Rc2 30. Nc3 Rbb2 31. Nd1 Rb4 32. Ne3 Rc8 33. h4 f6 34. Rd1
fxe5 35. dxe5 Ra4 36. Rxa4 Bxa4 37. Re1 d4 38. Nec4 Rc5 39. Kf3 Bb5 40. Nd2
gxh4 41. Ndb3 Rxe5 42. Rc1 Rd5 43. Nc6+ Bxc6 44. Rxc6 d3 45. Nd2 a5 46. Rc1 a4
47. Rc8 a3 48. Ra8 Bb2 49. Ra4 Bc1 0-1

[Event "Guelph Spring Pro-Am"]
[Site "Guelph CAN"]
[Date "2019.04.13"]
[Round "3.2"]
[White "Nicholson, Matthew"]
[Black "Kiviaho, Robert"]
[Result "0-1"]
[WhiteElo "2282"]
[BlackElo "2175"]
[PlyCount "108"]
[EventDate "2019.04.13"]
[EventType "swiss"]
[EventRounds "5"]
[EventCountry "CAN"]

1. c4 e5 2. d3 Nf6 3. Nf3 Nc6 4. a3 a5 5. g3 Nd4 6. Bg2 Nxf3+ 7. Bxf3 c6 8. Nc3
Be7 9. d4 d6 10. Bg2 O-O 11. O-O Re8 12. d5 cxd5 13. cxd5 Qb6 14. e4 Bd7 15.
Qe2 Rec8 16. Be3 Qb3 17. a4 Bd8 18. Ra3 Qb4 19. h3 Ra6 20. Na2 Qc4 21. Qxc4
Rxc4 22. b3 Rc8 23. Rc1 Rxc1+ 24. Nxc1 Ra8 25. f3 Rc8 26. Bf1 h6 27. Ra2 Nh5
28. Kf2 Bg5 29. Bxg5 hxg5 30. Bc4 g6 31. Ne2 f5 32. Nc3 g4 33. exf5 gxf5 34.
hxg4 fxg4 35. Ne4 Rf8 36. Be2 gxf3 37. Bb5 Bh3 38. Rc2 Bf5 39. Rc4 Bxe4 40.
Rxe4 Nf6 41. Rh4 e4 42. g4 Nh7 43. Rh6 Rf6 44. Rh5 Kg7 45. Ke3 Rg6 46. Kxe4
Nf6+ 47. Kxf3 Nxh5 48. gxh5 Rg5 49. Ke4 Rxh5 50. Kd4 Rh4+ 51. Kc3 Kf6 52. Bc4
Ke5 53. Bf1 Rd4 54. Bg2 b6 0-1

[Event "Guelph Spring Pro-Am"]
[Site "Guelph CAN"]
[Date "2019.04.13"]
[Round "3.3"]
[White "Colvin, Andrew"]
[Black "Mendoza, Armand Jess"]
[Result "0-1"]
[WhiteElo "2030"]
[BlackElo "2001"]
[PlyCount "102"]
[EventDate "2019.04.13"]
[EventType "swiss"]
[EventRounds "5"]
[EventCountry "CAN"]

1. d4 d5 2. c4 e6 3. Nc3 Nf6 4. Nf3 Be7 5. Bf4 a6 6. e3 O-O 7. c5 Nc6 8. a3 Nh5
9. Ne5 Nxf4 10. exf4 Nxe5 11. fxe5 f6 12. Bd3 fxe5 13. dxe5 Bxc5 14. O-O Qh4
15. g3 Qh3 16. Rc1 Ba7 17. Ne2 c6 18. Nf4 Qh6 19. Qg4 Bd7 20. Nh3 g6 21. Ng5
Rae8 22. h4 Qg7 23. Kg2 Re7 24. f4 h6 25. Nf3 Be8 26. b4 Bf7 27. Rh1 c5 28.
bxc5 Rc7 29. Nd4 Re8 30. Nb3 Rec8 31. Nd4 Re8 32. Nb3 h5 33. Qg5 Rec8 34. Rc2
Bxc5 35. Nxc5 Rxc5 36. Rhc1 Rxc2+ 37. Rxc2 Rxc2+ 38. Bxc2 Be8 39. Bd3 Qf7 40.
Qh6 b5 41. Qg5 a5 42. Qd8 d4 43. Kf2 Qd7 44. Qxd7 Bxd7 45. Bxg6 Bc6 46. Ke2 Kg7
47. Bxh5 b4 48. axb4 a4 49. Kd3 a3 50. Kc2 Ba4+ 51. Kb1 Bb3 {time} 0-1

[Event "Guelph Spring Pro-Am"]
[Site "Guelph CAN"]
[Date "2019.04.13"]
[Round "3.4"]
[White "Brajkovic, Nikola"]
[Black "Gooding, Gordon"]
[Result "1/2-1/2"]
[WhiteElo "2005"]
[BlackElo "2055"]
[PlyCount "178"]
[EventDate "2019.04.13"]
[EventType "swiss"]
[EventRounds "5"]
[EventCountry "CAN"]

1. e4 d5 2. exd5 Nf6 3. Nf3 Qxd5 4. d4 Bg4 5. Be2 Nc6 6. c4 Qh5 7. Be3 O-O-O 8.
Nbd2 e6 9. a3 h6 10. b4 g5 11. h3 Rg8 12. b5 Ne7 13. Qa4 Kb8 14. O-O-O Bxf3 15.
Bxf3 Qg6 16. g4 Nc8 17. Qb3 Be7 18. c5 Nd5 19. Nc4 Bf6 20. Rd2 Nce7 21. Rhd1
Qg7 22. Na5 Ka8 23. a4 Qf8 24. Rc2 Rb8 25. Qc4 c6 26. Rd3 Qd8 27. Nb3 Qc7 28.
Nd2 Qa5 29. Rb3 Ng6 30. Bg2 Rgd8 31. Nf3 Qc7 32. Kb1 e5 33. Ka2 Ngf4 34. Bf1
Re8 35. dxe5 Bxe5 36. b6 Qe7 37. bxa7 Rbd8 38. Nxe5 Qxe5 39. Rcb2 Rd7 40. Bd4
Qe1 41. Rb1 Qa5 42. Be3 Nxe3 43. fxe3 Rxe3 44. Rxb7 Rd2+ 45. R1b2 Rxb2+ 46.
Rxb2 Nd5 47. Bd3 Kxa7 48. Qb3 Nc3+ 49. Ka1 Re1+ 50. Bb1 Nb5 51. Qxf7+ Ka6 52.
Qc4 Re3 53. Ba2 Qe1+ 54. Rb1 Qc3+ 55. Qxc3 Nxc3 56. Rb6+ Ka5 57. Bb3 Rxh3 58.
Rxc6 Kb4 59. Kb2 Rh2+ 60. Bc2 Nxa4+ 61. Kc1 Nxc5 62. Bf5 Kc4 63. Kd1 Kd5 64.
Rc8 Nb3 65. Bg6 Ke5 66. Rh8 Kf4 67. Bh5 Ke3 68. Rxh6 Nd4 69. Kc1 Rc2+ 70. Kb1
Rc5 71. Rb6 Rb5+ 72. Rxb5 Nxb5 73. Be8 Nd4 74. Bd7 Nf3 75. Kc2 Ne5 76. Bc8 Kf4
77. Kd2 Kf3 78. Ke1 Kg2 79. Ke2 Kg3 80. Kf1 Nf3 81. Bd7 Ne5 82. Bc8 Nxg4 83.
Kg1 Ne3 84. Bd7 Kf4 85. Kf2 Nf5 86. Bc6 g4 87. Bg2 Nh4 88. Bc6 g3+ 89. Kg1 Nf5
1/2-1/2

[Event "Guelph Spring Pro-Am"]
[Site "Guelph CAN"]
[Date "2019.04.13"]
[Round "3.5"]
[White "Burrows, Zachary"]
[Black "Xu, Eddie"]
[Result "1-0"]
[WhiteElo "2194"]
[BlackElo "2056"]
[PlyCount "54"]
[EventDate "2019.04.13"]
[EventType "swiss"]
[EventRounds "5"]
[EventCountry "CAN"]

1. e4 e5 2. f4 Bc5 3. Nf3 d6 4. Bc4 Nc6 5. c3 Bg4 6. h3 Bxf3 7. Qxf3 Nf6 8. b4
Bb6 9. a4 a5 10. b5 Ne7 11. fxe5 dxe5 12. g4 h6 13. h4 Ng6 14. g5 hxg5 15. hxg5
Rxh1+ 16. Qxh1 Ng4 17. Qh7 Bf2+ 18. Ke2 Nf4+ 19. Kf3 Qxg5 20. Qg8+ Kd7 21.
Qxf7+ Kd6 22. Ba3+ c5 23. bxc6+ Kxc6 24. Bd5+ Nxd5 25. Qxd5+ Kc7 26. Qd6+ Kc8
27. Qe6+ Kc7 1-0

[Event "Guelph Spring Pro-Am"]
[Site "Guelph CAN"]
[Date "2019.04.14"]
[Round "4.1"]
[White "Migot, Tangi"]
[Black "Kiviaho, Robert"]
[Result "1-0"]
[WhiteElo "2448"]
[BlackElo "2175"]
[PlyCount "91"]
[EventDate "2019.04.13"]
[EventType "swiss"]
[EventRounds "5"]
[EventCountry "CAN"]

1. Nf3 d5 2. g3 Nf6 3. Bg2 Bf5 4. O-O e6 5. d3 Be7 6. Nh4 Bg6 7. Nd2 c6 8. e4
Nbd7 9. b3 Ng8 10. Nxg6 hxg6 11. Bb2 Bf6 12. d4 Qb6 13. e5 Be7 14. c4 Nh6 15.
c5 Qc7 16. b4 Nf5 17. Qe2 a6 18. a4 O-O 19. Nb3 b6 20. Bc3 Rfb8 21. Rfb1 Bd8
22. Bf1 Qc8 23. Qc2 b5 24. Qd2 Rb7 25. Ra3 Nf8 26. Rba1 Rab8 27. axb5 axb5 28.
h4 Nh7 29. Bd3 Qd7 30. Qe2 Qe7 31. Kg2 Kf8 32. Bd2 Ke8 33. h5 Nf8 34. hxg6 fxg6
35. Qg4 Kd7 36. Rh1 Qf7 37. Bg5 Bc7 38. Qe2 Qg8 39. g4 Ne7 40. Ra6 Qf7 41. Qa2
Nc8 42. Rxc6 Kxc6 43. Qa6+ Bb6 44. Bxb5+ Kc7 45. cxb6+ Rxb6 46. Rc1+ 1-0

[Event "Guelph Spring Pro-Am"]
[Site "Guelph CAN"]
[Date "2019.04.14"]
[Round "4.2"]
[White "Mendoza, Armand Jess"]
[Black "Bailey, Doug"]
[Result "0-1"]
[WhiteElo "2001"]
[BlackElo "2251"]
[PlyCount "64"]
[EventDate "2019.04.13"]
[EventType "swiss"]
[EventRounds "5"]
[EventCountry "CAN"]

1. e4 c5 2. Nf3 a6 3. d4 cxd4 4. Nxd4 e5 5. Nf3 Nf6 6. Nc3 Nc6 7. a3 d6 8. Bc4
Bg4 9. h3 Bxf3 10. gxf3 Rc8 11. Ba2 Be7 12. Rg1 O-O 13. Bh6 Ne8 14. f4 Kh8 15.
Qg4 Bf6 16. Bg5 Bxg5 17. fxg5 Nd4 18. O-O-O Nc7 19. Ne2 Ncb5 20. Nxd4 exd4 21.
Rd3 Qa5 22. Qf5 Rc5 23. Qf3 Nc3 24. Bb3 Rxg5 25. Rh1 d5 26. bxc3 Qxa3+ 27. Kd2
dxc3+ 28. Kxc3 Rc8+ 29. Kd2 Qb4+ 30. Kd1 dxe4 31. Qf4 Ra5 32. Ke2 exd3+ 0-1

[Event "Guelph Spring Pro-Am"]
[Site "Guelph CAN"]
[Date "2019.04.14"]
[Round "4.3"]
[White "Loadman, Ian"]
[Black "Burrows, Zachary"]
[Result "1-0"]
[WhiteElo "2095"]
[BlackElo "2194"]
[PlyCount "67"]
[EventDate "2019.04.13"]
[EventType "swiss"]
[EventRounds "5"]
[EventCountry "CAN"]

1. e4 c5 2. Nf3 Nc6 3. d4 cxd4 4. Nxd4 Nf6 5. Nc3 e5 6. Ndb5 d6 7. Bg5 a6 8.
Na3 h6 9. Bxf6 gxf6 10. Nc4 Nd4 11. Nd5 b5 12. Nce3 f5 13. exf5 Nxf5 14. Nxf5
Bxf5 15. Qf3 Bc8 16. Nf6+ Ke7 17. Nh5 Be6 18. Qf6+ Kd7 19. Qxh8 Qg5 20. Be2 Rc8
21. Qf6 Qxg2 22. Qf3 Qxf3 23. Bxf3 Rxc2 24. Nf6+ Kd8 25. O-O Be7 26. Nd5 Bg5
27. b3 f5 28. Nb4 Rc3 29. Bd5 Bc8 30. a4 bxa4 31. Rxa4 Rc5 32. Rd1 a5 33. Rxa5
Rc3 34. Ra8 1-0

[Event "Guelph Spring Pro-Am"]
[Site "Guelph CAN"]
[Date "2019.04.14"]
[Round "4.4"]
[White "Gooding, Gordon"]
[Black "Nicholson, Matthew"]
[Result "0-1"]
[WhiteElo "2055"]
[BlackElo "2282"]
[PlyCount "48"]
[EventDate "2019.04.13"]
[EventType "swiss"]
[EventRounds "5"]
[EventCountry "CAN"]

1. e4 e5 2. Nf3 Nc6 3. Bc4 Bc5 4. d3 Nf6 5. Nc3 a6 6. a3 d6 7. Qe2 Bg4 8. Be3
Nd4 9. Bxd4 Bxd4 10. h3 Bxf3 11. Qxf3 c6 12. Nd1 O-O 13. c3 Ba7 14. Ne3 g6 15.
g4 d5 16. Ba2 Qd6 17. O-O-O d4 18. Nc4 Qe7 19. Qg3 Nd7 20. cxd4 Bxd4 21. Kb1 a5
22. h4 b5 23. Ne3 b4 24. a4 b3 0-1

[Event "Guelph Spring Pro-Am"]
[Site "Guelph CAN"]
[Date "2019.04.14"]
[Round "4.5"]
[White "Xu, Eddie"]
[Black "Brajkovic, Nikola"]
[Result "1/2-1/2"]
[WhiteElo "2056"]
[BlackElo "2005"]
[PlyCount "94"]
[EventDate "2019.04.13"]
[EventType "swiss"]
[EventRounds "5"]
[EventCountry "CAN"]

1. e4 e5 2. Nf3 d6 3. d4 Nd7 4. Bc4 h6 5. dxe5 dxe5 6. Bxf7+ Kxf7 7. Nxe5+ Kf6
8. Qd4 Qe8 9. Nxd7+ Kg6 10. Ne5+ Kh7 11. f4 Nf6 12. Nc3 b6 13. Be3 Bc5 14. Qd3
Ba6 15. Qxa6 Bxe3 16. Qe2 Bxf4 17. Nd3 Be5 18. Nxe5 Qxe5 19. O-O Rhe8 20. Rae1
c6 21. Rf5 Qe6 22. Qf3 Re7 23. g4 Nd7 24. Rf1 Ne5 25. Qg3 Rae8 26. b3 Qd6 27.
R1f2 Qd4 28. h3 b5 29. a3 a5 30. Kh2 b4 31. axb4 axb4 32. Ne2 Qxe4 33. Nf4 Qd4
34. Nh5 Ng6 35. R5f3 Re2 36. Nf4 Rxf2+ 37. Qxf2 Qxf2+ 38. Rxf2 Nxf4 39. Rxf4
Re2+ 40. Kg3 Rxc2 41. Rxb4 Rc3+ 42. Kg2 Kg6 43. h4 h5 44. Kh2 hxg4 45. Rxg4+
Kf6 46. b4 c5 47. bxc5 Rxc5 1/2-1/2

[Event "Guelph Spring Pro-Am"]
[Site "Guelph CAN"]
[Date "2019.04.14"]
[Round "5.1"]
[White "Migot, Tangi"]
[Black "Loadman, Ian"]
[Result "1-0"]
[WhiteElo "2448"]
[BlackElo "2095"]
[PlyCount "121"]
[EventDate "2019.04.13"]
[EventType "swiss"]
[EventRounds "5"]
[EventCountry "CAN"]

1. e4 e5 2. Nf3 Nc6 3. Bb5 a6 4. Ba4 Nf6 5. O-O Be7 6. d3 b5 7. Bb3 d6 8. a4
Rb8 9. c3 O-O 10. Nbd2 Na5 11. Bc2 c5 12. Re1 Nc6 13. h3 Re8 14. Nf1 h6 15. Ng3
Bf8 16. d4 Qc7 17. d5 Ne7 18. axb5 axb5 19. b4 c4 20. Be3 Ng6 21. Nh2 Nh4 22.
Ra5 Bd7 23. Qa1 Rb7 24. Qb2 Reb8 25. Rea1 Qc8 26. Qc1 Be7 27. Qf1 Bd8 28. Ra6
Bb6 29. Bxb6 Rxb6 30. Ra7 Be8 31. Ne2 Ng6 32. Nf3 Bd7 33. Kh2 Nf4 34. g3 Ng6
35. Nd2 Ne8 36. Ng1 Nf8 37. f4 f6 38. Bd1 Nc7 39. Qf2 Ne8 40. Bh5 Nc7 41. Be2
Ne8 42. Ndf3 Ng6 43. Ne1 Nf8 44. Ng2 Nc7 45. Bh5 Be8 46. Bxe8 Nxe8 47. Ne3 R6b7
48. Nf5 Qd8 49. R7a6 Kh7 50. Nf3 Rd7 51. h4 Rdb7 52. Kg2 Rd7 53. h5 Rf7 54.
N3h4 Rd7 55. Qe2 Rf7 56. Qg4 Rfb7 57. R1a5 Rd7 58. Ra2 Rdb7 59. Ra1 Rd7 60. Ra7
Rdb7 61. R1a6 1-0

[Event "Guelph Spring Pro-Am"]
[Site "Guelph CAN"]
[Date "2019.04.14"]
[Round "5.2"]
[White "Kiviaho, Robert"]
[Black "Bailey, Doug"]
[Result "0-1"]
[WhiteElo "2175"]
[BlackElo "2251"]
[PlyCount "64"]
[EventDate "2019.04.13"]
[EventType "swiss"]
[EventRounds "5"]
[EventCountry "CAN"]

1. Nf3 Nf6 2. g3 d5 3. Bg2 g6 4. O-O Bg7 5. c4 d4 6. e3 c5 7. d3 Nc6 8. e4 Bd7
9. Nbd2 Qc8 10. a3 a5 11. Ne1 h5 12. Ndf3 Bg4 13. Qc2 Bh6 14. Bxh6 Rxh6 15. Qd2
Rh8 16. Ng5 h4 17. f3 hxg3 18. hxg3 Bd7 19. Kf2 Ne5 20. Rh1 Rxh1 21. Bxh1 Qc7
22. Qf4 O-O-O 23. b4 Rh8 24. Bg2 Nh5 25. Qh4 f6 26. Nh3 g5 27. Nxg5 Ng6 28. Qh2
fxg5 29. bxc5 g4 30. Bf1 gxf3 31. Nxf3 Bg4 32. Bh3 Nf6 0-1

[Event "Guelph Spring Pro-Am"]
[Site "Guelph CAN"]
[Date "2019.04.14"]
[Round "5.3"]
[White "Nicholson, Matthew"]
[Black "Mendoza, Armand Jess"]
[Result "1-0"]
[WhiteElo "2282"]
[BlackElo "2001"]
[PlyCount "77"]
[EventDate "2019.04.13"]
[EventType "swiss"]
[EventRounds "5"]
[EventCountry "CAN"]

1. c4 Nf6 2. g3 d6 3. Bg2 e5 4. Nc3 g6 5. e4 Bg7 6. Nge2 Nc6 7. O-O O-O 8. d3
Nh5 9. Nd5 Ne7 10. Bg5 f6 11. Be3 f5 12. Bg5 Nf6 13. Qd2 c6 14. Nxe7+ Qxe7 15.
Rab1 a5 16. a3 Qc7 17. b4 Ne8 18. b5 Nf6 19. Nc3 f4 20. gxf4 Nh5 21. fxe5 dxe5
22. bxc6 bxc6 23. Ne2 Be6 24. Rb2 Nf4 25. Rfb1 Nxg2 26. Kxg2 Qf7 27. Ng1 Ra7
28. Be3 Rd7 29. Bc5 Rfd8 30. Rb8 Bxc4 31. Rxd8+ Rxd8 32. Qxa5 Qf6 33. dxc4 Qg5+
34. Kf1 h5 35. Nf3 Qf6 36. h4 Rd3 37. Ng5 Rd8 38. Qc7 Re8 39. Rb8 1-0

[Event "Guelph Spring Pro-Am"]
[Site "Guelph CAN"]
[Date "2019.04.14"]
[Round "5.4"]
[White "Brajkovic, Nikola"]
[Black "Burrows, Zachary"]
[Result "1/2-1/2"]
[WhiteElo "2005"]
[BlackElo "2194"]
[PlyCount "80"]
[EventDate "2019.04.13"]
[EventType "swiss"]
[EventRounds "5"]
[EventCountry "CAN"]

1. e4 c5 2. Nc3 Nc6 3. d3 Nf6 4. Be3 d6 5. Be2 g6 6. h3 Bg7 7. f4 Nd4 8. Qd2
Qa5 9. g4 b5 10. Nf3 Nxe2 11. Kxe2 b4 12. Nd1 Ba6 13. Kf2 c4 14. Kg2 c3 15.
bxc3 bxc3 16. Qf2 O-O 17. Bd4 Rac8 18. Bxa7 Qa4 19. Bd4 Bb7 20. Re1 d5 21. e5
Ne4 22. dxe4 dxe4 23. Kg3 exf3 24. Nxc3 Qc4 25. Ne4 Qxc2 26. Qxc2 Rxc2 27. Kxf3
Rd8 28. Ke3 Rc4 29. Red1 f6 30. Nf2 Ra4 31. a3 fxe5 32. Bxe5 Rxd1 33. Rxd1
Rxa3+ 34. Rd3 Rxd3+ 35. Nxd3 Bg2 36. Bxg7 Kxg7 37. h4 Kf6 38. Kf2 Be4 39. Ne5
Bd5 40. Kg3 Be4 1/2-1/2

[Event "Guelph Spring Pro-Am"]
[Site "Guelph CAN"]
[Date "2019.04.14"]
[Round "5.5"]
[White "Xu, Eddie"]
[Black "Gooding, Gordon"]
[Result "1-0"]
[WhiteElo "2056"]
[BlackElo "2055"]
[PlyCount "69"]
[EventDate "2019.04.13"]
[EventType "swiss"]
[EventRounds "5"]
[EventCountry "CAN"]

1. e4 d5 2. exd5 Nf6 3. d4 Bg4 4. Be2 Bxe2 5. Qxe2 Qxd5 6. Nf3 Nc6 7. c4 Qf5 8.
Nc3 O-O-O 9. d5 Nb4 10. O-O g5 11. Nd4 Qg6 12. Be3 Nd3 13. Qc2 e5 14. Ndb5 a6
15. Na7+ Kb8 16. Qb3 Ka8 17. Nc6 Rc8 18. Qa4 Nd7 19. b4 Nb6 20. Bxb6 cxb6 21.
c5 bxc5 22. b5 Nb4 23. a3 Qd6 24. axb4 cxb4 25. Ne4 Qxd5 26. Rfd1 Qe6 27. Nxg5
Qe8 28. Ne4 Be7 29. Nxe5 Bf6 30. Nxf6 Qxe5 31. Nd7 Qe6 32. Qa5 Ka7 33. Qxb4 Qc4
34. Qd2 Qc3 35. Qd6 1-0

[Event "Halifax Summer op"]
[Site "Halifax CAN"]
[Date "2019.06.28"]
[Round "1.1"]
[White "Kapra, Jerjis"]
[Black "Turner, Peter"]
[Result "1-0"]
[WhiteElo "1658"]
[BlackElo "1978"]
[PlyCount "75"]
[EventDate "2019.05.28"]
[EventType "swiss"]
[EventRounds "5"]
[EventCountry "CAN"]
[TimeControl "2+30"]

1. e4 {[%emt 0:00:00]} e6 {[%emt 0:00:12]} 2. d4 {[%emt 0:00:07]} d5 {
[%emt 0:00:00]} 3. Nd2 {[%emt 0:00:05]} Nf6 {[%emt 0:01:22]} 4. e5 {
[%emt 0:00:08]} Nfd7 {[%emt 0:00:05]} 5. Bd3 {[%emt 0:00:12]} c5 {
[%emt 0:00:28]} 6. c3 {[%emt 0:00:08]} Nc6 {[%emt 0:01:48]} 7. Ne2 {
[%emt 0:00:07]} Be7 {[%emt 0:01:05]} 8. f4 {[%emt 0:02:39]} Qb6 {[%emt 0:06:27]
} 9. Nf3 {[%emt 0:00:14]} cxd4 {[%emt 0:00:00]} 10. cxd4 {[%emt 0:00:30]} Nf8 {
[%emt 0:08:18]} 11. O-O {[%emt 0:02:56]} Bd7 {[%emt 0:03:07]} 12. Qe1 {
[%emt 0:17:32]} O-O-O {[%emt 0:04:59]} 13. a3 {[%emt 0:04:29]} h6 {
[%emt 0:10:45]} 14. b4 {[%emt 0:00:28]} Be8 {[%emt 0:05:51]} 15. Bd2 {
[%emt 0:01:17]} a6 {[%emt 0:11:20]} 16. Rb1 {[%emt 0:05:08]} Qa7 {
[%emt 0:04:58]} 17. a4 {[%emt 0:02:54]} b5 {[%emt 0:12:08]} 18. axb5 {
[%emt 0:00:00]} axb5 {[%emt 0:00:08]} 19. Qf2 {[%emt 0:02:44]} Qb7 {
[%emt 0:04:55]} 20. Rfc1 {[%emt 0:03:45]} Kb8 {[%emt 0:03:14]} 21. Rc2 {
[%emt 0:04:51]} f6 {[%emt 0:09:04]} 22. Nc1 {[%emt 0:09:16]} g5 {[%emt 0:28:21]
} 23. exf6 {[%emt 0:00:00]} Bxf6 {[%emt 0:00:00]} 24. fxg5 {[%emt 0:00:00]}
hxg5 {[%emt 0:00:00]} 25. Bxg5 {[%emt 0:00:00]} Bxg5 {[%emt 0:00:00]} 26. Qg3+
{[%emt 0:00:00]} Qc7 {[%emt 0:00:00]} 27. Qxg5 {[%emt 0:00:31]} Rd7 {
[%emt 0:03:34]} 28. Rxc6 {[%emt 0:01:15]} Qxc6 {[%emt 0:00:42]} 29. Qe5+ {
[%emt 0:00:25]} Qd6 {[%emt 0:04:37]} 30. Qxh8 {[%emt 0:00:15]} Kb7 {
[%emt 0:01:06]} 31. Qe5 {[%emt 0:03:27]} Qc6 {[%emt 0:00:36]} 32. Nb3 {
[%emt 0:00:24]} Qc3 {[%emt 0:01:13]} 33. Nc5+ {[%emt 0:00:47]} Kc8 {
[%emt 0:00:17]} 34. Bxb5 {[%emt 0:03:11]} Ng6 {[%emt 0:02:52]} 35. Bxd7+ {
[%emt 0:01:03]} Bxd7 {[%emt 0:00:03]} 36. Qe1 {[%emt 0:01:09]} Qc2 {
[%emt 0:01:12]} 37. Qc1 {[%emt 0:01:01]} Qf5 {[%emt 0:00:21]} 38. Nxe6+ {
[%emt 0:00:25]} 1-0